Statistiques concernant Paroles : Over Again - One Direction

Cliquez ici pour prendre le quiz!

Statistiques générales

  • Ce quiz a été pris 20 fois
  • Le résultat moyen est 291 sur 410

Statistiques - réponses

Réponse% Correct
I
100%
Like
94%
like
94%
my
94%
over
94%
a
88%
Again
88%
again?
88%
again
88%
'Cause
88%
heart
88%
her
88%
leave
88%
the
88%
you
88%
You
88%
and
82%
And
82%
Can
82%
can
82%
if
82%
If
82%
it
82%
me
82%
never
82%
this
82%
to
82%
We
82%
we
82%
all
76%
for
76%
know
76%
make
76%
Said
76%
said
76%
so
76%
So
76%
with
76%
your
76%
body
71%
from
71%
go
71%
same
71%
start
71%
take
71%
That
71%
that
71%
be
65%
broken
65%
clothes
65%
days
65%
do
65%
hands
65%
in
65%
lips
65%
minute?
65%
pain
65%
show
65%
stop
65%
tell
65%
t-shirt
65%
are
59%
British
59%
everything
59%
feeling
59%
how
59%
I'd
59%
it's
59%
just
59%
kiss
59%
no
59%
on
59%
or
59%
own
59%
polo
59%
road
59%
solo
59%
spirit
59%
tears
59%
three
59%
tight
59%
two
59%
want
59%
words
59%
apart
53%
down
53%
fall
53%
feet
53%
fit
53%
give
53%
joke
53%
low
53%
middle
53%
might
53%
she
53%
she's
53%
showers
53%
will
53%
you'll
53%
You'll
53%
alone?
47%
cursed
47%
grip
47%
lend
47%
mind
47%
Now
47%
of
47%
parts
47%
really
47%
Running
47%
Then
47%
together
47%
weakness
47%
we're
47%
Whether
47%
admit
41%
Bodies
41%
both
41%
isn't
41%
letting
41%
mend
41%
miss
41%
pretending
41%
remove
41%
since
41%
thoughts
41%
what
41%
you're
41%
But
35%
guess
35%
hurt
35%
masks
35%
regret
35%
tied
35%
Tongue
35%
went
35%
hard
29%
Hole
29%
say
29%
still
29%
intertwined
24%
she'll
18%
seed's
12%
sown
12%

Distribution des résultats

Percentile par nombre de réponses

% des personnes avec chaque résultat

Votre développement - résultats

Vous n’avez pas pris ce quiz